[Event "Lloyds Bank Masters"]
[Site "London ENG"]
[Date "1990.??.??"]
[Round "?"]
[White "Lesiege, Alexandre"]
[Black "Dzhandzhava, Lasha"]
[Result "1/2-1/2"]
[WhiteElo "2355"]
[BlackElo "2470"]
[WhiteFideId "-1"]
[WhiteFideId "-1"]
[PlyCount "160"]
[GameId "2129405202124507"]
[EventDate "1990.08.18"]
[EventType "swiss"]
[EventRounds "10"]
[EventCountry "ENG"]

1. d4 Nf6 2. c4 g6 3. Nf3 Bg7 4. g3 O-O 5. Bg2 c6 6. O-O d5 7. cxd5 cxd5 8. Nc3 Ne4 9. e3 Nxc3 10. bxc3 Nc6 11. Nd2 Be6 12. Ba3 Rc8 13. Qa4 Qd7 14. Rfc1 Bh3 15. Bxh3 Qxh3 16. Qb5 Qd7 17. Nb3 Rc7 18. c4 dxc4 19. Rxc4 h5 20. Nc5 Qd5 21. Rb1 h4 22. Na6 Qxb5 23. Rxb5 bxa6 24. Rbc5 hxg3 25. hxg3 Rfc8 26. d5 Be5 27. Rxc6 Kf8 28. Rxc7 Rxc7 29. Ra4 Rb7 30. Rxa6 Ke8 31. Kg2 Kd7 32. Bc5 Bb8 33. Bd4 Kc8 34. Ra5 Rd7 35. e4 e6 36. Rc5+ Kb7 37. Rb5+ Kc8 38. Kf3 a6 39. Rc5+ Kb7 40. Be3 exd5 41. Rxd5 Rxd5 42. exd5 f5 43. Bf4 Ba7 44. Be3 Bb8 45. Ke2 Kc8 46. Kd3 Kd7 47. Kd4 Bd6 48. Kc4 Be7 49. Bc5 Bd8 50. Kb4 Kc7 51. Bf8 Kb6 52. Kc4 Bf6 53. Bd6 Kb7 54. f3 Kc8 55. Kc5 Kd7 56. Bf4 Bd8 57. a4 Ba5 58. g4 fxg4 59. fxg4 Bd8 60. Be5 Ba5 61. Bg3 Bd8 62. Bf4 Ba5 63. d6 Bd8 64. Bd2 Bh4 65. Kb6 Kxd6 66. Kxa6 Kc6 67. Bf4 Bf2 68. a5 Bd4 69. Bb8 Be3 70. Ba7 Bf4 71. Bb6 Be5 72. Ka7 Bf4 73. Ka8 Bg3 74. Ba7 Bc7 75. a6 Bf4 76. Bb8 Bc7 77. g5 Bd8 78. Bf4 Kb6 79. a7 Bc7 80. Bxc7+ Kxc7 1/2-1/2

[Event "Lloyds Bank Masters"]
[Site "London ENG"]
[Date "1990.08.21"]
[Round "4"]
[White "Lesiege, Alexandre"]
[Black "Levitt, Jonathan"]
[Result "1/2-1/2"]
[WhiteElo "2355"]
[BlackElo "2455"]
[WhiteFideId "-1"]
[WhiteFideId "-1"]
[PlyCount "32"]
[GameId "2129405202124646"]
[EventDate "1990.08.18"]
[EventType "swiss"]
[EventRounds "10"]
[EventCountry "ENG"]

1. d4 Nf6 2. c4 e6 3. Nc3 Bb4 4. g3 c5 5. Nf3 Nc6 6. Bg2 d5 7. cxd5 Nxd5 8. Bd2 cxd4 9. Nxd4 Nxd4 10. Nxd5 Bxd2+ 11. Qxd2 e5 12. Nc3 O-O 13. e3 Bh3 14. Kf1 Nc6 15. Qxd8 Bxg2+ 16. Kxg2 Rfxd8 1/2-1/2

[Event "Lloyds Bank Masters"]
[Site "London ENG"]
[Date "1990.08.22"]
[Round "5"]
[White "Hebden, Mark"]
[Black "Lesiege, Alexandre"]
[Result "1/2-1/2"]
[WhiteElo "2530"]
[BlackElo "2355"]
[WhiteFideId "-1"]
[WhiteFideId "-1"]
[PlyCount "227"]
[GameId "2129405202124648"]
[EventDate "1990.08.18"]
[EventType "swiss"]
[EventRounds "10"]
[EventCountry "ENG"]
[SourceTitle "EXT 90op"]

1. d4 Nf6 2. Nf3 g6 3. Nc3 d5 4. Bf4 Bg7 5. e3 O-O 6. Be2 c5 7. dxc5 Qa5 8. Nd2 Qxc5 9. Nb3 Qb6 10. Nb5 Na6 11. a4 Ne8 12. Nc3 Nb4 13. a5 Qc6 14. O-O Bxc3 15. bxc3 Qxc3 16. e4 Qxc2 17. Ra4 Qxd1 18. Rxd1 Na6 19. exd5 Nd6 20. Bxa6 bxa6 21. Rb4 Bd7 22. Nc5 Bb5 23. Bxd6 exd6 24. Nb7 Rab8 25. Nxd6 Rfd8 26. Ne4 f5 27. Ng5 Be2 28. Rxb8 Rxb8 29. Re1 Bc4 30. d6 Rd8 31. Rd1 h6 32. Nh3 Kf7 33. Rd4 Bb5 34. Nf4 g5 35. Nd3 Ke6 36. d7 Bxd3 37. Rxd3 Rxd7 38. Rxd7 Kxd7 39. f4 gxf4 40. Kf2 Kc6 41. Kf3 Kb5 42. Kxf4 Kxa5 43. Kxf5 Kb4 44. g4 a5 45. h4 a4 46. g5 hxg5 47. hxg5 a3 48. g6 a2 49. g7 a1=Q 50. g8=Q Qf1+ 51. Ke5 Qe2+ 52. Kf6 Qf3+ 53. Ke7 Qe4+ 54. Kd7 Qd4+ 55. Ke7 Qe5+ 56. Kd7 Qb5+ 57. Ke7 a5 58. Qg3 Qc5+ 59. Kf7 Qc4+ 60. Kf8 Qc5+ 61. Kg8 a4 62. Qb8+ Kc3 63. Qb1 a3 64. Qc1+ Kb4 65. Qb1+ Ka5 66. Qe1+ Qb4 67. Qe5+ Ka4 68. Qe8+ Kb3 69. Qe3+ Qc3 70. Qb6+ Qb4 71. Qe3+ Qc3 72. Qb6+ Ka2 73. Kf8 Qf3+ 74. Ke7 Qe4+ 75. Kf8 Qf5+ 76. Ke7 Qe5+ 77. Kf8 Qh8+ 78. Kf7 Qb2 79. Qg1 Qb3+ 80. Kf8 Qf3+ 81. Ke7 Qe4+ 82. Kf8 Kb3 83. Qd1+ Kc3 84. Qc1+ Kb4 85. Qd2+ Kb5 86. Qd7+ Qc6 87. Qd3+ Kb4 88. Qb1+ Ka5 89. Qe1+ Ka6 90. Qf1+ Ka7 91. Qf7+ Ka8 92. Qa2 Qc5+ 93. Kf7 Ka7 94. Kg8 Qg5+ 95. Kf7 Qf5+ 96. Kg8 Qf3 97. Kg7 Qb7+ 98. Kg6 Qb2 99. Qf7+ Qb7 100. Qa2 Qb4 101. Kh7 Qb2 102. Qf7+ Qb7 103. Kh8 Ka8 104. Qc4 Qb2+ 105. Kg8 Qg2+ 106. Kh8 Qb2+ 107. Kg8 Qb8+ 108. Kf7 Qa7+ 109. Kg8 Qg1+ 110. Kh8 Qh2+ 111. Kg8 a2 112. Qa6+ Kb8 113. Qb6+ Kc8 114. Qa6+ 1/2-1/2

[Event "Lloyds Bank Masters"]
[Site "London ENG"]
[Date "1990.08.24"]
[Round "7"]
[White "Wells, Peter"]
[Black "Lesiege, Alexandre"]
[Result "1/2-1/2"]
[WhiteElo "2410"]
[BlackElo "2355"]
[WhiteFideId "-1"]
[WhiteFideId "-1"]
[PlyCount "49"]
[GameId "2129405202124650"]
[EventDate "1990.08.18"]
[EventType "swiss"]
[EventRounds "10"]
[EventCountry "ENG"]
[SourceTitle "EXT 90op"]

1. Nf3 Nf6 2. c4 g6 3. Nc3 Bg7 4. d4 O-O 5. e4 d6 6. Be2 Nbd7 7. O-O e5 8. Be3 a5 9. Qc2 Ng4 10. Bg5 f6 11. Bh4 Nh6 12. Rad1 Nf7 13. dxe5 dxe5 14. c5 Qe7 15. Nd5 Qxc5 16. Qxc5 Nxc5 17. Bxf6 Bxf6 18. Nxf6+ Kg7 19. Nd5 c6 20. Nb6 Rb8 21. Nd2 Kf6 22. Ndc4 a4 23. Ne3 Ke7 24. f3 Be6 25. Rc1 1/2-1/2

[Event "Lloyds Bank Masters"]
[Site "London ENG"]
[Date "1990.08.25"]
[Round "8"]
[White "Lesiege, Alexandre"]
[Black "Sakhatova, Gulnar"]
[Result "1/2-1/2"]
[WhiteElo "2355"]
[BlackElo "2315"]
[WhiteFideId "-1"]
[WhiteFideId "-1"]
[PlyCount "120"]
[GameId "2129405202124651"]
[EventDate "1990.08.18"]
[EventType "swiss"]
[EventRounds "10"]
[EventCountry "ENG"]
[SourceTitle "EXT 90op"]

1. d4 Nf6 2. c4 e6 3. Nc3 Bb4 4. g3 c5 5. Nf3 Ne4 6. Qd3 Qa5 7. Qxe4 Bxc3+ 8. Bd2 Bxd2+ 9. Nxd2 cxd4 10. Qxd4 O-O 11. Bg2 Nc6 12. Qd6 Qh5 13. Nf3 a5 14. O-O Ra6 15. Rfd1 e5 16. Qc5 Re8 17. Rd5 f6 18. Rad1 Qf7 19. Nd2 f5 20. Nf3 Qf6 21. Rd6 Re6 22. Rxe6 dxe6 23. Nxe5 Qxe5 24. Qxe5 Nxe5 25. Rd8+ Kf7 26. Rxc8 Rd6 27. Rc7+ Kf6 28. c5 Rd1+ 29. Bf1 Rd7 30. Rxd7 Nxd7 31. c6 bxc6 32. Bg2 c5 33. Kf1 Ke5 34. Ke1 Kd4 35. Kd1 Ne5 36. e3+ Kc4 37. h3 Kb4 38. Bb7 g6 39. Kc2 Nf7 40. Bc6 c4 41. f4 Kc5 42. Bd7 Kd5 43. b3 Nd6 44. bxc4+ Nxc4 45. Kd3 Nd6 46. g4 Ne4 47. Bc8 Nc5+ 48. Kc3 fxg4 49. hxg4 Ne4+ 50. Kc2 Nd6 51. Ba6 h5 52. gxh5 gxh5 53. Be2 h4 54. Bf3+ Kc4 55. Bg4 Nf5 56. Kd2 a4 57. e4 Ng7 58. Ke3 Kc5 59. f5 exf5 60. exf5 Ne8 1/2-1/2

[Event "Lloyds Bank Masters"]
[Site "London ENG"]
[Date "1990.08.26"]
[Round "9"]
[White "Plaskett, Jim"]
[Black "Lesiege, Alexandre"]
[Result "1-0"]
[WhiteElo "2445"]
[BlackElo "2355"]
[WhiteFideId "-1"]
[WhiteFideId "-1"]
[PlyCount "79"]
[GameId "2129405202124652"]
[EventDate "1990.08.18"]
[EventType "swiss"]
[EventRounds "10"]
[EventCountry "ENG"]

1. d4 Nf6 2. Bg5 d5 3. Bxf6 exf6 4. e3 c6 5. c4 Bb4+ 6. Nc3 Qa5 7. Qc2 Be6 8. cxd5 cxd5 9. Bd3 Bxc3+ 10. bxc3 Nc6 11. Ne2 g6 12. O-O O-O 13. Nf4 Qc7 14. Rab1 Rac8 15. Rfc1 b6 16. Ba6 Rcd8 17. Nxe6 fxe6 18. c4 Nb8 19. Qa4 Nxa6 20. Qxa6 Rc8 21. c5 Rf7 22. a4 Qb7 23. Qf1 Rfc7 24. g3 Qc6 25. a5 bxc5 26. Rxc5 Qd6 27. Rxc7 Rxc7 28. Rb8+ Kf7 29. Kg2 Qc6 30. Qb1 Qd7 31. Rh8 Kg7 32. Qb8 Qf7 33. a6 Re7 34. Rd8 Rc7 35. Qa8 Re7 36. Rb8 g5 37. Rb7 Kh6 38. Qd8 Qg6 39. Qxe7 g4 40. Qxe6 1-0

[Event "Lloyds Bank Masters"]
[Site "London ENG"]
[Date "1990.08.27"]
[Round "10"]
[White "Lesiege, Alexandre"]
[Black "Thompson, Craig"]
[Result "1-0"]
[WhiteElo "2355"]
[BlackElo "2335"]
[WhiteFideId "-1"]
[WhiteFideId "-1"]
[PlyCount "117"]
[GameId "2129405202124653"]
[EventDate "1990.08.18"]
[EventType "swiss"]
[EventRounds "10"]
[EventCountry "ENG"]

1. d4 Nf6 2. c4 g6 3. g3 Bg7 4. Bg2 c6 5. d5 O-O 6. Nc3 d6 7. Nf3 cxd5 8. cxd5 a5 9. O-O Na6 10. Nd4 Bd7 11. e4 Qb6 12. Nde2 Nc5 13. Be3 Ng4 14. Bd4 Bxd4 15. Qxd4 Na4 16. Nxa4 Qxd4 17. Nxd4 Bxa4 18. h3 Ne5 19. b3 Bd7 20. Rad1 Bc8 21. Rc1 Nd3 22. Rc7 Re8 23. Nb5 Nb4 24. e5 dxe5 25. d6 exd6 26. Nxd6 Rf8 27. a3 Nc6 28. Re1 Be6 29. Nxb7 Nd4 30. Nc5 Rab8 31. Rxe5 Bxb3 32. Nxb3 Rxb3 33. Rxa5 Nf3+ 34. Bxf3 Rxf3 35. Rc6 Rd8 36. Kg2 Rdd3 37. a4 Ra3 38. Rb5 h5 39. h4 Kg7 40. a5 Rf6 41. Rc7 Rd6 42. Rb6 Rd5 43. a6 Ra2 44. a7 Rf5 45. Rb2 Ra3 46. Rb3 Ra4 47. Rf3 Rxf3 48. Kxf3 Kf6 49. Ke3 Ke6 50. Kd3 f6 51. f4 Ra1 52. Kc4 Kf5 53. Rg7 Ke4 54. Kb5 Kf3 55. Kb6 Kxg3 56. f5 Kxh4 57. fxg6 Kg5 58. Rg8 h4 59. g7 1-0

[Event "Lloyds Bank op 14th"]
[Site "London"]
[Date "1990.??.??"]
[Round "?"]
[White "McNab, Colin"]
[Black "Lesiege, Alexandre"]
[Result "0-1"]
[WhiteElo "2390"]
[BlackElo "2325"]
[WhiteFideId "-1"]
[WhiteFideId "-1"]
[PlyCount "80"]
[GameId "1166636823203840"]
[EventDate "1990.08.??"]
[EventType "swiss"]
[EventRounds "10"]
[EventCountry "ENG"]
[SourceTitle "EXT 1997"]
[Source "ChessBase"]
[SourceDate "1996.11.15"]
[SourceVersion "1"]
[SourceVersionDate "1996.11.15"]
[SourceQuality "1"]

1. Nf3 Nf6 2. c4 g6 3. g3 Bg7 4. d4 O-O 5. Bg2 d6 6. O-O Nc6 7. Nc3 Bg4 8. h3 Bxf3 9. Bxf3 Nd7 10. e3 e5 11. dxe5 Ndxe5 12. Be2 Qd7 13. Kh2 Na5 14. Qc2 Nexc4 15. b4 Qf5 16. Qxf5 gxf5 17. bxa5 Bxc3 18. Rb1 Nxa5 19. Rd1 Rab8 20. Rd5 Rfe8 21. Rxf5 Re5 22. Rf4 b5 23. e4 Nc6 24. Rg4+ Kh8 25. Bh6 Re6 26. Be3 Ne5 27. Rg5 a6 28. Rf5 c5 29. Bg5 Kg7 30. Bf4 Ng6 31. f3 Be5 32. Bd2 Ree8 33. h4 c4 34. h5 Ne7 35. Rg5+ Kh8 36. Bb4 Nc6 37. f4 Nxb4 38. fxe5 Nxa2 39. Ra1 Nc3 40. Bf3 Rxe5 0-1

[Event "Quebec-ch"]
[Site "Montreal CAN"]
[Date "1990.06.04"]
[Round "1"]
[White "Desforges, Jean"]
[Black "Lesiege, Alexandre"]
[Result "0-1"]
[WhiteElo "2011"]
[BlackElo "2325"]
[WhiteFideId "-1"]
[WhiteFideId "-1"]
[PlyCount "78"]
[GameId "2160767912472901"]
[EventDate "1990.06.04"]
[EventType "tourn"]
[EventRounds "9"]
[EventCountry "CAN"]
[SourceTitle "EXT 90b"]

1. d4 Nf6 2. c4 e6 3. Nf3 Bb4+ 4. Bd2 Qe7 5. e3 O-O 6. Bd3 Bxd2+ 7. Qxd2 d6 8. Nc3 e5 9. Qc2 c6 10. O-O-O Re8 11. dxe5 dxe5 12. Ng5 h6 13. Nge4 Nxe4 14. Nxe4 Be6 15. Nd6 Rf8 16. Rd2 Na6 17. Bf5 b5 18. Bxe6 Qxe6 19. Qf5 Qxf5 20. Nxf5 bxc4 21. Ne7+ Kh7 22. Nxc6 e4 23. Rc2 Nc5 24. Rxc4 Nd3+ 25. Kb1 Nxf2 26. Rf1 Ng4 27. Rxe4 Nxh2 28. Rh1 f5 29. Re7 Ng4 30. Rd1 Rfe8 31. Rdd7 Rxe7 32. Rxe7 a6 33. Nd4 Kg6 34. Kc2 Kf6 35. Re6+ Kf7 36. Kd2 Rd8 37. Rxa6 f4 38. Ra7+ Kg8 39. Rxg7+ Kxg7 0-1

[Event "Quebec-ch"]
[Site "Montreal CAN"]
[Date "1990.06.05"]
[Round "2"]
[White "Ross, Dave"]
[Black "Lesiege, Alexandre"]
[Result "0-1"]
[WhiteElo "2330"]
[BlackElo "2325"]
[WhiteFideId "-1"]
[WhiteFideId "-1"]
[PlyCount "80"]
[GameId "2160767912472910"]
[EventDate "1990.06.04"]
[EventType "tourn"]
[EventRounds "9"]
[EventCountry "CAN"]
[SourceTitle "EXT 90b"]

1. e4 e5 2. Nf3 Nc6 3. Bb5 a6 4. Ba4 Nf6 5. O-O Be7 6. Bxc6 dxc6 7. Qe1 Nd7 8. b3 c5 9. Bb2 f6 10. d3 Nb8 11. Nc3 Be6 12. Nd1 Nc6 13. Ne3 Qd7 14. Nh4 g6 15. f4 exf4 16. Rxf4 g5 17. Rxf6 Bxf6 18. Bxf6 Rf8 19. Bxg5 Qg7 20. Nd5 Qxg5 21. Nxc7+ Kd7 22. Nxa8 Rxa8 23. Nf3 Qg7 24. Rd1 Rf8 25. Kh1 Bg4 26. Qg3 Qg6 27. Rg1 Bxf3 28. gxf3 Qxg3 29. Rxg3 Rf7 30. f4 Nd4 31. Rg5 b6 32. b4 Ne6 33. Rd5+ Kc6 34. bxc5 Nxf4 35. Rf5 Rxf5 36. exf5 bxc5 37. Kg1 Kd5 38. Kf2 Ke5 39. Ke3 Nd5+ 40. Kd2 Kxf5 0-1

[Event "Quebec-ch"]
[Site "Montreal CAN"]
[Date "1990.06.06"]
[Round "3"]
[White "Lesiege, Alexandre"]
[Black "Leveille, Francois"]
[Result "1-0"]
[WhiteElo "2325"]
[BlackElo "2325"]
[WhiteFideId "-1"]
[WhiteFideId "-1"]
[PlyCount "57"]
[GameId "2160767912472914"]
[EventDate "1990.06.04"]
[EventType "tourn"]
[EventRounds "9"]
[EventCountry "CAN"]
[SourceTitle "EXT 90b"]

1. d4 Nf6 2. c4 e6 3. Nc3 d5 4. cxd5 Nxd5 5. e4 Nxc3 6. bxc3 c5 7. Nf3 cxd4 8. cxd4 Nc6 9. Be2 Bb4+ 10. Bd2 Bxd2+ 11. Qxd2 O-O 12. O-O Qd6 13. Rad1 Rd8 14. Qe3 b6 15. e5 Qe7 16. Ng5 Bb7 17. Bh5 Nxd4 18. Bxf7+ Kh8 19. Bg6 Ne2+ 20. Kh1 Rxd1 21. Rxd1 Nc3 22. Qh3 h6 23. Nf7+ Kg8 24. Qxc3 Qh4 25. Qd4 Qxd4 26. Rxd4 Bd5 27. Nd6 Bxa2 28. Be4 Bd5 29. Rxd5 1-0

[Event "Quebec-ch"]
[Site "Montreal CAN"]
[Date "1990.06.07"]
[Round "4"]
[White "Hebert, Jean"]
[Black "Lesiege, Alexandre"]
[Result "1-0"]
[WhiteElo "2405"]
[BlackElo "2325"]
[WhiteFideId "-1"]
[WhiteFideId "-1"]
[PlyCount "64"]
[GameId "2160767912472917"]
[EventDate "1990.06.04"]
[EventType "tourn"]
[EventRounds "9"]
[EventCountry "CAN"]
[SourceTitle "EXT 90b"]

1. d4 Nf6 2. c4 g6 3. g3 Bg7 4. Bg2 d6 5. Nc3 O-O 6. e3 c5 7. dxc5 dxc5 8. Qxd8 Rxd8 9. Nge2 Nc6 10. O-O Ng4 11. b3 Nb4 12. Rb1 Ne5 13. Ba3 Ned3 14. Rfd1 Bg4 15. h3 Nc2 16. Bc1 Bxc3 17. hxg4 Be1 18. Bxb7 Rab8 19. Be4 Ncb4 20. a3 Bxf2+ 21. Kf1 Nxc1 22. Rdxc1 Bxe3 23. axb4 Bxc1 24. Rxc1 Rxb4 25. Bc2 Kg7 26. Ke1 Rb6 27. Ra1 a6 28. Ra5 Rc6 29. Nf4 Rcd6 30. Rxc5 Rd2 31. Be4 Rd1+ 32. Kf2 R8d2+ 1-0

[Event "Quebec-ch"]
[Site "Montreal CAN"]
[Date "1990.06.08"]
[Round "5"]
[White "Lesiege, Alexandre"]
[Black "Spraggett, Grant"]
[Result "1-0"]
[WhiteElo "2325"]
[BlackElo "2275"]
[WhiteFideId "-1"]
[WhiteFideId "-1"]
[PlyCount "125"]
[GameId "2160767912472924"]
[EventDate "1990.06.04"]
[EventType "tourn"]
[EventRounds "9"]
[EventCountry "CAN"]
[SourceTitle "EXT 90b"]

1. d4 Nf6 2. c4 c5 3. Nf3 cxd4 4. Nxd4 e5 5. Nb5 d5 6. cxd5 Bc5 7. N5c3 O-O 8. e3 e4 9. a3 Qe7 10. Nd2 Rd8 11. b4 Bd6 12. Nc4 Be5 13. Nxe5 Qxe5 14. Bb2 Nbd7 15. Qc2 Nb6 16. Be2 Bd7 17. O-O Rac8 18. Rfd1 Qg5 19. Rd4 Bh3 20. g3 Nbd7 21. Qd2 Rxc3 22. Qxc3 Re8 23. d6 Ne5 24. d7 Bxd7 25. Rad1 Qf5 26. Rxd7 Nfxd7 27. Qc7 h5 28. h4 Nf6 29. Bxe5 Qxe5 30. Qxb7 Re7 31. Qb5 Qc7 32. Qc4 Qb8 33. Qc5 Re5 34. Qd6 Qe8 35. Qd8 Kf8 36. Bc4 Re7 37. a4 Rb7 38. Bb5 Qxd8 39. Rxd8+ Ke7 40. Rd4 Rc7 41. Rc4 Rxc4 42. Bxc4 Nd7 43. Be2 g6 44. Kf1 Ne5 45. Ke1 Nc6 46. b5 Ne5 47. Kd2 Kd6 48. Kc3 Kc5 49. a5 f5 50. b6 axb6 51. axb6 Nd7 52. b7 Kc6 53. Kd4 Kxb7 54. Kd5 Kc7 55. Ke6 Kc6 56. Bd1 Kc7 57. Bc2 Nc5+ 58. Kf6 Kd6 59. Kxg6 Ke5 60. Kxh5 Nd3 61. Kg6 Nxf2 62. h5 Ng4 63. h6 1-0

[Event "Quebec-ch"]
[Site "Montreal CAN"]
[Date "1990.06.11"]
[Round "6"]
[White "Lagasse, Pascal"]
[Black "Lesiege, Alexandre"]
[Result "0-1"]
[WhiteElo "2062"]
[BlackElo "2325"]
[WhiteFideId "-1"]
[WhiteFideId "-1"]
[PlyCount "80"]
[GameId "2160767912472927"]
[EventDate "1990.06.04"]
[EventType "tourn"]
[EventRounds "9"]
[EventCountry "CAN"]
[SourceTitle "EXT 90b"]

1. e4 e5 2. Nc3 Nc6 3. Bc4 Nf6 4. d3 Bb4 5. Bg5 h6 6. Bxf6 Qxf6 7. Nge2 Na5 8. O-O c6 9. a3 Nxc4 10. axb4 Nb6 11. f4 exf4 12. Rxf4 Qe7 13. Qf1 O-O 14. Qf3 Qxb4 15. Rf1 Qe7 16. Ng3 d6 17. Nh5 f6 18. Qg3 Kh7 19. Ne2 c5 20. d4 Bd7 21. Qf3 Rae8 22. g4 cxd4 23. Neg3 Nc4 24. Nxg7 Ne5 25. Qg2 Qxg7 26. Nh5 Qg5 27. h3 f5 28. exf5 Bc6 29. Qg3 Rg8 30. f6 Qxh5 31. f7 Nxf7 32. Rxf7+ Kh8 33. R1f5 Re3 34. Rxh5 Rxg3+ 35. Kf2 Rg2+ 36. Kf1 Rg6 37. Rf8+ Kh7 38. Rf7+ Kg8 39. Rhf5 Rxc2 40. Rf8+ Kh7 0-1

[Event "Quebec-ch"]
[Site "Montreal CAN"]
[Date "1990.06.12"]
[Round "7"]
[White "Lesiege, Alexandre"]
[Black "St Amand, Paul Jr"]
[Result "1/2-1/2"]
[WhiteElo "2325"]
[BlackElo "2180"]
[WhiteFideId "-1"]
[WhiteFideId "-1"]
[PlyCount "57"]
[GameId "2160767912472935"]
[EventDate "1990.06.04"]
[EventType "tourn"]
[EventRounds "9"]
[EventCountry "CAN"]
[SourceTitle "EXT 90b"]

1. d4 Nf6 2. c4 e5 3. dxe5 Ng4 4. Bf4 Nc6 5. Nf3 Bb4+ 6. Nbd2 Qe7 7. a3 Ngxe5 8. Nxe5 Nxe5 9. e3 Bxd2+ 10. Qxd2 d6 11. Rc1 Ng6 12. Bg3 O-O 13. c5 dxc5 14. Qd5 Rd8 15. Qxc5 Qxc5 16. Rxc5 c6 17. Be2 Be6 18. h4 h6 19. h5 Ne7 20. e4 f6 21. Bf4 b6 22. Rc3 c5 23. f3 f5 24. exf5 Nxf5 25. Kf2 Nd4 26. Ba6 Bc8 27. Bf1 Be6 28. Ba6 Bc8 29. Bf1 1/2-1/2

[Event "Quebec-ch"]
[Site "Montreal CAN"]
[Date "1990.06.13"]
[Round "8"]
[White "Roy, Alain"]
[Black "Lesiege, Alexandre"]
[Result "0-1"]
[WhiteElo "2169"]
[BlackElo "2325"]
[WhiteFideId "-1"]
[WhiteFideId "-1"]
[PlyCount "96"]
[GameId "2160767912472940"]
[EventDate "1990.06.04"]
[EventType "tourn"]
[EventRounds "9"]
[EventCountry "CAN"]
[SourceTitle "EXT 90b"]

1. Nf3 Nf6 2. g3 g6 3. Bg2 Bg7 4. O-O O-O 5. d3 c5 6. e4 Nc6 7. Nc3 d5 8. h3 d4 9. Ne2 e5 10. Nd2 Ne8 11. f4 exf4 12. Nxf4 Nc7 13. Kh2 Ne5 14. Nf3 Qd6 15. Bd2 Bd7 16. Nxe5 Bxe5 17. Qe2 Rae8 18. Rae1 b6 19. Qf3 Bc6 20. Qg4 Kh8 21. Ne2 Ne6 22. Bh6 Ng7 23. Nf4 Rg8 24. Re2 f5 25. Bxg7+ Rxg7 26. exf5 Bd7 27. Qf3 Bxf5 28. Qc6 Rge7 29. Qxd6 Bxd6 30. Rfe1 Rxe2 31. Rxe2 Rxe2 32. Nxe2 Kg7 33. Kg1 c4 34. Be4 Bxe4 35. dxe4 d3 36. cxd3 cxd3 37. Nc3 Bxg3 38. Kg2 Be5 39. Kf3 Bxc3 40. bxc3 Kf6 41. Ke3 Ke5 42. Kxd3 g5 43. Ke3 b5 44. Kf3 h5 45. Ke3 g4 46. h4 a5 47. a3 a4 48. Kd3 Kf4 0-1

[Event "Quebec-ch"]
[Site "Montreal CAN"]
[Date "1990.06.15"]
[Round "9"]
[White "Lesiege, Alexandre"]
[Black "Barbeau, Sylvain"]
[Result "1/2-1/2"]
[WhiteElo "2325"]
[BlackElo "2385"]
[WhiteFideId "-1"]
[WhiteFideId "-1"]
[PlyCount "81"]
[GameId "2160767912472944"]
[EventDate "1990.06.04"]
[EventType "tourn"]
[EventRounds "9"]
[EventCountry "CAN"]
[SourceTitle "EXT 90b"]

1. d4 f5 2. c4 Nf6 3. g3 g6 4. Bg2 Bg7 5. Nc3 d6 6. Nh3 O-O 7. d5 Na6 8. Nf4 Nc5 9. Be3 e5 10. dxe6 Nxe6 11. O-O c6 12. h3 Qe7 13. Qd2 Nd8 14. Bd4 Nf7 15. Rae1 Ne5 16. b3 g5 17. Nd3 Nh5 18. e3 Be6 19. Kh2 Rad8 20. f4 c5 21. Nd5 Bxd5 22. Bxd5+ Kh8 23. fxe5 cxd4 24. Qe2 Nxg3 25. Kxg3 dxe5 26. e4 f4+ 27. Kh2 Rd6 28. Qg4 Rh6 29. Rg1 Bf6 30. Qe6 Qg7 31. Ref1 Rg6 32. Qg4 Rh6 33. Nc5 Qe7 34. Nd7 Rh4 35. Qf5 g4 36. Rxg4 Rxg4 37. hxg4 Bg7 38. Nxf8 Qh4+ 39. Kg1 Qg3+ 40. Kh1 Qh3+ 41. Kg1 1/2-1/2

[Event "Toronto1"]
[Site "Toronto CAN"]
[Date "1990.??.??"]
[Round "1"]
[White "Vranesic, Zvonko"]
[Black "Lesiege, Alexandre"]
[Result "0-1"]
[WhiteElo "2335"]
[BlackElo "2295"]
[WhiteFideId "-1"]
[WhiteFideId "-1"]
[PlyCount "76"]
[GameId "2160767912481284"]
[EventDate "1990.04.??"]
[EventType "tourn"]
[EventRounds "11"]
[EventCountry "CAN"]
[EventCategory "9"]
[SourceTitle "CBM 020"]
[Source "ChessBase"]
[SourceDate "2004.01.01"]
[SourceVersion "1"]
[SourceVersionDate "2004.01.01"]
[SourceQuality "1"]

1. c4 Nf6 2. Nc3 g6 3. e4 d6 4. d4 Bg7 5. f3 O-O 6. Be3 Nc6 7. Qd2 a6 8. Nge2 Rb8 9. Bh6 Bxh6 10. Qxh6 e5 11. O-O-O b5 12. d5 Na5 13. Ng3 bxc4 14. h4 c5 15. h5 Bd7 16. Rd2 Rb4 17. Rh2 Qe7 18. Nh1 Kh8 19. hxg6 fxg6 20. Ng3 Qg7 21. Qg5 Ng8 22. Be2 Qf6 23. Qxf6+ Nxf6 24. Rc2 Kg7 25. Rh1 Ne8 26. Nf1 Nc7 27. Ne3 Rfb8 28. a3 R4b7 29. Bxc4 Bb5 30. Bxb5 axb5 31. b4 Nb3+ 32. Kb2 Nd4 33. Rcc1 Na6 34. bxc5 Nxc5 35. Rhd1 b4 36. Nb1 bxa3+ 37. Ka2 Rb2+ 38. Kxa3 R8b3# 0-1

[Event "Toronto1"]
[Site "Toronto CAN"]
[Date "1990.??.??"]
[Round "2"]
[White "Lesiege, Alexandre"]
[Black "Kovacevic, Vlatko"]
[Result "1/2-1/2"]
[WhiteElo "2295"]
[BlackElo "2540"]
[WhiteFideId "-1"]
[WhiteFideId "-1"]
[PlyCount "107"]
[GameId "2160767912481287"]
[EventDate "1990.04.??"]
[EventType "tourn"]
[EventRounds "11"]
[EventCountry "CAN"]
[EventCategory "9"]
[SourceTitle "CBM 020"]
[Source "ChessBase"]
[SourceDate "2004.01.01"]
[SourceVersion "1"]
[SourceVersionDate "2004.01.01"]
[SourceQuality "1"]

1. d4 d5 2. c4 e6 3. Nc3 Nf6 4. cxd5 exd5 5. Bg5 Nbd7 6. e3 Be7 7. Nf3 O-O 8. Bd3 c6 9. Qc2 Re8 10. O-O Nf8 11. Rab1 a5 12. a3 Ne4 13. Bxe7 Qxe7 14. Bxe4 dxe4 15. Nd2 f5 16. b4 Be6 17. bxa5 Rxa5 18. a4 Ra7 19. Rb2 Nd7 20. Rfb1 Rb8 21. Ne2 h6 22. Nc4 Bxc4 23. Qxc4+ Qf7 24. Qc2 Nf6 25. Qc5 Rxa4 26. Qxf5 Ra2 27. h3 Rxb2 28. Rxb2 Qc4 29. Qf4 Rf8 30. Kh2 b5 31. Ng3 Re8 32. Qc7 g6 33. Rb1 h5 34. Ra1 Rf8 35. Ra7 Qf7 36. Qb6 Qe8 37. Kh1 h4 38. Ne2 Nd5 39. Qa6 g5 40. Kg1 Qc8 41. Qa2 b4 42. Nc1 Qf5 43. Ra8 g4 44. Rxf8+ Kxf8 45. Qa8+ Ke7 46. Qb7+ Kd6 47. Qb8+ Kd7 48. Nb3 g3 49. fxg3 Nxe3 50. Nc5+ Ke7 51. Qc7+ Kf8 52. Qd8+ Kf7 53. Qc7+ Kf8 54. Qd8+ 1/2-1/2

[Event "Toronto1"]
[Site "Toronto CAN"]
[Date "1990.??.??"]
[Round "3"]
[White "Tukmakov, Vladimir"]
[Black "Lesiege, Alexandre"]
[Result "0-1"]
[WhiteElo "2570"]
[BlackElo "2295"]
[WhiteFideId "-1"]
[WhiteFideId "-1"]
[PlyCount "84"]
[GameId "2160767912481294"]
[EventDate "1990.04.??"]
[EventType "tourn"]
[EventRounds "11"]
[EventCountry "CAN"]
[EventCategory "9"]
[SourceTitle "CBM 020"]
[Source "ChessBase"]
[SourceDate "2004.01.01"]
[SourceVersion "1"]
[SourceVersionDate "2004.01.01"]
[SourceQuality "1"]

1. d4 Nf6 2. Nf3 g6 3. c4 Bg7 4. g3 d6 5. Bg2 O-O 6. O-O Nbd7 7. Nc3 e5 8. h3 c6 9. e4 Qb6 10. b3 exd4 11. Na4 Qa5 12. Nxd4 Re8 13. Bd2 Qd8 14. Nc3 Nc5 15. Bg5 h6 16. Bxf6 Qxf6 17. Nde2 a5 18. Qc2 Qe7 19. Rad1 f5 20. Rfe1 fxe4 21. Nf4 g5 22. Nh5 Bf5 23. Nxg7 Kxg7 24. Qd2 Rad8 25. Re3 Qe5 26. g4 Bg6 27. f3 Rf8 28. fxe4 Ne6 29. Ne2 Nf4 30. Ng3 Rfe8 31. Rde1 Qc5 32. Kh2 Re5 33. Nf5+ Bxf5 34. exf5 Rde8 35. Rxe5 Rxe5 36. Rd1 Re2 37. Qc3+ Qe5 38. Qxe5+ dxe5 39. Rg1 Rxa2 40. Kh1 Nxg2 41. Rxg2 Rxg2 42. Kxg2 b5 0-1